[Event "Bad Woerishofen Seniors op 19th"]
[Site "Bad Woerishofen"]
[Date "2003.03.19"]
[Round "7"]
[White "Ruppert, Lothar"]
[Black "Buchner, Matthias"]
[Result "1-0"]
[WhiteElo "1902"]
[BlackElo "1700"]
[PlyCount "69"]
[EventDate "2003.03.13"]
[EventType "swiss"]
[EventRounds "9"]
[EventCountry "GER"]
[SourceTitle "EXT 2004"]
[Source "ChessBase"]
[SourceDate "2003.11.25"]
[SourceVersion "1"]
[SourceVersionDate "2003.11.25"]
[SourceQuality "1"]

1. d4 Nf6 2. Nf3 e6 3. c4 d5 4. Nc3 Be7 5. e3 Bd7 6. c5 c6 7. Bd3 h6 8. 0-0 0-0 9. Bd2 b6 10. b4 a5 11. a3 Bc8 12. cxb6 axb4 13. axb4 Rxa1 14. Qxa1 Qxb6 15. Rb1 Nbd7 16. b5 Bb7 17. bxc6 Qxc6 18. Qa7 Ra8 19. Qxb7 Qxb7 20. Rxb7 Ra1+ 21. Bf1 Kf8 22. g3 Ke8 23. Kg2 Kd8 24. Ne5 Nxe5 25. dxe5 Nd7 26. Nb5 Nxe5 27. Bc3 Rxf1 28. Kxf1 f6 29. Bxe5 fxe5 30. Na7 Bf6 31. Nc6+ Ke8 32. Ke2 e4 33. Nd4 e5 34. Nf5 d4 35. Nd6+ 1-0

[Event "Bad Woerishofen Seniors op 19th"]
[Site "Bad Woerishofen"]
[Date "2003.03.18"]
[Round "6"]
[White "Smits, Oswald"]
[Black "Ruppert, Lothar"]
[Result "1/2-1/2"]
[WhiteElo "1676"]
[BlackElo "1902"]
[PlyCount "82"]
[EventDate "2003.03.13"]
[EventType "swiss"]
[EventRounds "9"]
[EventCountry "GER"]
[SourceTitle "EXT 2004"]
[Source "ChessBase"]
[SourceDate "2003.11.25"]
[SourceVersion "1"]
[SourceVersionDate "2003.11.25"]
[SourceQuality "1"]

1. c4 g6 2. Nc3 Bg7 3. g3 Nf6 4. Nf3 b6 5. Bg2 Bb7 6. 0-0 0-0 7. d3 d6 8. e4 e5 9. Be3 Nc6 10. h3 h6 11. Ne2 Ne7 12. Nh2 Nh7 13. Qd2 g5 14. f4 f6 15. f5 c5 16. Rfb1 Nc6 17. a3 a5 18. Qd1 Qc7 19. Nc3 Nd4 20. Bxd4 exd4 21. Nb5 Qd7 22. Qh5 Bc6 23. Ng4 Rad8 24. a4 Qe7 25. Nf2 Be8 26. Qd1 Bf7 27. Bf3 Rd7 28. Kg2 Rfd8 29. Qe2 Qe8 30. g4 Qe5 31. Qd2 Qe8 32. Rh1 Qe5 33. Rh2 Kf8 34. Rah1 Ke7 35. Na3 Rh8 36. Nc2 Kd8 37. Ne1 Kc7 38. Be2 Qe8 39. Nf3 Rd8 40. b3 Nf8 41. h4 Nd7 1/2-1/2

[Event "Bad Woerishofen Seniors op 18th"]
[Site "Bad Woerishofen"]
[Date "2002.03.13"]
[Round "7"]
[White "Ruppert, Lothar"]
[Black "Liszka, Guenter"]
[Result "1/2-1/2"]
[WhiteElo "1945"]
[BlackElo "1792"]
[PlyCount "37"]
[EventDate "2002.03.??"]
[EventType "swiss"]
[EventRounds "9"]
[EventCountry "GER"]
[SourceTitle "EXT 2006"]
[Source "ChessBase"]
[SourceDate "2005.11.24"]
[SourceVersion "1"]
[SourceVersionDate "2005.11.24"]
[SourceQuality "1"]

1. d4 d5 2. Nf3 e6 3. Bf4 Nf6 4. e3 Nbd7 5. Bd3 c5 6. c3 Be7 7. h3 0-0 8. Nbd2 c4 9. Bc2 b5 10. 0-0 Bb7 11. Re1 a6 12. e4 dxe4 13. Nxe4 Nxe4 14. Bxe4 Bxe4 15. Rxe4 Nf6 16. Re2 Nd5 17. Bg3 Rc8 18. a3 a5 19. Qd2 1/2-1/2

[Event "Bad Woerishofen op 16th"]
[Site "Bad Woerishofen"]
[Date "2000.03.23"]
[Round "7"]
[White "Ruppert, Lothar"]
[Black "Bretscher, Robert"]
[Result "1-0"]
[WhiteElo "1915"]
[BlackElo "1625"]
[PlyCount "61"]
[EventDate "2000.03.??"]
[EventType "swiss"]
[EventRounds "9"]
[EventCountry "GER"]
[SourceTitle "CBM 075 Extra"]
[Source "ChessBase"]
[SourceDate "2000.05.11"]
[SourceVersion "2"]
[SourceVersionDate "2000.05.11"]
[SourceQuality "1"]

1. d4 d5 2. Nf3 Nf6 3. Bg5 h6 4. Bf4 e6 5. e3 Be7 6. Bd3 0-0 7. Nbd2 Nbd7 8. Ne5 c5 9. c3 c4 10. Bc2 Re8 11. 0-0 Nf8 12. Qf3 N6d7 13. Nxf7 Qb6 14. Rab1 Bf6 15. Qh5 Re7 16. Ne5 a5 17. Ndf3 g5 18. Bg3 Bg7 19. Nxd7 Bxd7 20. Ne5 Be8 21. Qg4 Bf6 22. f4 h5 23. Qf3 g4 24. Qf2 Rg7 25. f5 Qd8 26. fxe6 Be7 27. Nf7 Qb6 28. Nh6+ Kh8 29. Qxf8+ Bxf8 30. Rxf8+ Rg8 31. Rxg8# 1-0

[Event "Bad Woerishofen op 16th"]
[Site "Bad Woerishofen"]
[Date "2000.03.19"]
[Round "3"]
[White "Ruppert, Lothar"]
[Black "Sakowski, Christian"]
[Result "1-0"]
[WhiteElo "1915"]
[BlackElo "1720"]
[PlyCount "41"]
[EventDate "2000.03.??"]
[EventType "swiss"]
[EventRounds "9"]
[EventCountry "GER"]
[SourceTitle "CBM 075 Extra"]
[Source "ChessBase"]
[SourceDate "2000.05.11"]
[SourceVersion "2"]
[SourceVersionDate "2000.05.11"]
[SourceQuality "1"]

1. d4 Nf6 2. Nf3 g6 3. c4 Bg7 4. Nc3 d5 5. e3 0-0 6. Be2 dxc4 7. Bxc4 c5 8. 0-0 cxd4 9. Nxd4 Qc7 10. Be2 a6 11. Bd2 Nc6 12. Nxc6 Qxc6 13. Rc1 Qb6 14. Na4 Qd8 15. Bf3 Rb8 16. Bc3 b5 17. Be5 Bb7 18. Bxb8 Bxf3 19. Qxd8 Rxd8 20. Bc7 Rd2 21. Ba5 1-0

[Event "Bad Woerishofen op 16th"]
[Site "Bad Woerishofen"]
[Date "2000.03.18"]
[Round "2"]
[White "Stumpf, Heinz"]
[Black "Ruppert, Lothar"]
[Result "1-0"]
[WhiteElo "2285"]
[BlackElo "1915"]
[PlyCount "55"]
[EventDate "2000.03.??"]
[EventType "swiss"]
[EventRounds "9"]
[EventCountry "GER"]
[SourceTitle "CBM 075 Extra"]
[Source "ChessBase"]
[SourceDate "2000.05.11"]
[SourceVersion "2"]
[SourceVersionDate "2000.05.11"]
[SourceQuality "1"]

1. d4 Nf6 2. Nf3 d5 3. e3 g6 4. c4 Bg7 5. Nc3 e6 6. Be2 0-0 7. 0-0 b6 8. b4 a5 9. b5 dxc4 10. Ne5 Bb7 11. Bf3 Nd5 12. Nxd5 Bxd5 13. Ba3 Re8 14. Nxc4 Nd7 15. Rc1 Rc8 16. e4 Ba8 17. e5 Nf8 18. Bxa8 Rxa8 19. Qf3 Rc8 20. Rfd1 Qd5 21. Qxd5 exd5 22. Ne3 Red8 23. Bxf8 Kxf8 24. Rc6 Bh6 25. Rdc1 Bxe3 26. fxe3 Ke8 27. Rxc7 Rb8 28. e6 1-0